[Event "DVM U14 2023"]
[Site "Magdeburg GER"]
[Date "2023.12.28"]
[Round "4"]
[White "Gärtner, Alessandro"]
[Black "Riechenberg, Sebastian"]
[Result "1-0"]
[Termination "normal"]
[Board "4.2"]
[WhiteElo "1660"]
[BlackElo "1913"]
[WhiteClock "00:27:48"]
[BlackClock "00:23:14"]
[WhiteTeam "Schachzentrum Bemerode"]
[BlackTeam "SV Erkenschwick 1923"]
[PlyCount "120"]
[WhiteFideId "16268024"]
[BlackFideId "34605231"]
[EventCountry "GER"]
[EventRounds "7"]
[EventType "team-swiss"]
[EventDate "2023.12.26"]

1. Nf3 {[%clk 01:30:33]} {[%emt 00:00:27]} d5 {[%clk 01:30:29]} {[%emt
00:00:32]} 2. e3 {[%clk 01:30:48]} {[%emt 00:00:15]} Nf6 {[%clk 01:30:39]}
{[%emt 00:00:20]} 3. c4 {[%clk 01:30:33]} {[%emt 00:00:44]} c6 {[%clk
01:31:01]} {[%emt 00:00:08]} 4. b3 {[%clk 01:30:53]} {[%emt 00:00:11]} e6
{[%clk 01:29:42]} {[%emt 00:01:49]} 5. Bb2 {[%clk 01:31:05]} {[%emt 00:00:17]}
Be7 {[%clk 01:28:42]} {[%emt 00:01:31]} 6. Be2 {[%clk 01:31:01]} {[%emt
00:00:34]} Nbd7 {[%clk 01:28:18]} {[%emt 00:00:54]} 7. O-O {[%clk 01:31:18]}
{[%emt 00:00:12]} O-O {[%clk 01:28:28]} {[%emt 00:00:20]} 8. h3 {[%clk
01:23:09]} {[%emt 00:08:39]} Bd6 {[%clk 01:22:06]} {[%emt 00:06:52]} 9. d3
{[%clk 01:09:17]} {[%emt 00:14:22]} Qe7 {[%clk 01:13:09]} {[%emt 00:09:26]} 10.
Nc3 {[%clk 01:08:03]} {[%emt 00:01:43]} e5 {[%clk 01:12:16]} {[%emt 00:01:23]}
11. cxd5 {[%clk 01:08:04]} {[%emt 00:00:28]} Nxd5 {[%clk 01:12:02]} {[%emt
00:00:45]} 12. Nd2 {[%clk 00:59:02]} {[%emt 00:09:32]} f5 {[%clk 01:02:32]}
{[%emt 00:10:00]} 13. Bf3 {[%clk 00:55:44]} {[%emt 00:03:48]} N7f6 {[%clk
01:01:49]} {[%emt 00:01:13]} 14. Re1 {[%clk 00:44:22]} {[%emt 00:11:52]} Nxc3
{[%clk 00:54:01]} {[%emt 00:08:19]} 15. Bxc3 {[%clk 00:44:27]} {[%emt
00:00:25]} Be6 {[%clk 00:52:43]} {[%emt 00:01:48]} 16. Qe2 {[%clk 00:39:59]}
{[%emt 00:04:58]} Nd5 {[%clk 00:49:52]} {[%emt 00:03:21]} 17. Bb2 {[%clk
00:38:52]} {[%emt 00:01:37]} Bd7 {[%clk 00:43:21]} {[%emt 00:07:00]} 18. Nc4
{[%clk 00:31:20]} {[%emt 00:08:02]} Bc7 {[%clk 00:42:43]} {[%emt 00:01:08]} 19.
Bxd5+ {[%clk 00:29:26]} {[%emt 00:02:24]} cxd5 {[%clk 00:42:32]} {[%emt
00:00:41]} 20. Ba3 {[%clk 00:29:51]} {[%emt 00:00:05]} Qg5 {[%clk 00:41:06]}
{[%emt 00:01:56]} 21. Bxf8 {[%clk 00:28:09]} {[%emt 00:02:12]} Rxf8 {[%clk
00:40:56]} {[%emt 00:00:40]} 22. Nxe5 {[%clk 00:27:06]} {[%emt 00:01:33]} Bxe5
{[%clk 00:39:23]} {[%emt 00:02:03]} 23. f4 {[%clk 00:27:25]} {[%emt 00:00:11]}
Bxf4 {[%clk 00:38:44]} {[%emt 00:01:08]} 24. exf4 {[%clk 00:27:47]} {[%emt
00:00:08]} Qxf4 {[%clk 00:38:47]} {[%emt 00:00:28]} 25. Qe5 {[%clk 00:26:33]}
{[%emt 00:01:44]} Qxe5 {[%clk 00:36:38]} {[%emt 00:02:39]} 26. Rxe5 {[%clk
00:26:52]} {[%emt 00:00:10]} Bc6 {[%clk 00:36:21]} {[%emt 00:00:47]} 27. d4
{[%clk 00:26:48]} {[%emt 00:00:36]} g6 {[%clk 00:35:26]} {[%emt 00:01:25]} 28.
b4 {[%clk 00:25:44]} {[%emt 00:01:34]} a6 {[%clk 00:33:53]} {[%emt 00:02:03]}
29. Rae1 {[%clk 00:24:20]} {[%emt 00:01:54]} Rf7 {[%clk 00:27:00]} {[%emt
00:07:23]} 30. Kf2 {[%clk 00:21:46]} {[%emt 00:03:03]} Kg7 {[%clk 00:26:59]}
{[%emt 00:00:32]} 31. Kf3 {[%clk 00:15:57]} {[%emt 00:06:19]} h6 {[%clk
00:21:13]} {[%emt 00:06:16]} 32. h4 {[%clk 00:12:22]} {[%emt 00:04:04]} g5
{[%emt 00:06:15]} 33. hxg5 {[%clk 00:10:38]} {[%emt 00:02:13]} hxg5 {[%clk
00:15:50]} {[%emt 00:00:09]} 34. Rh1 {[%clk 00:10:14]} {[%emt 00:00:54]} Bb5
{[%clk 00:13:46]} {[%emt 00:02:35]} 35. Kg3 {[%clk 00:09:06]} {[%emt 00:01:37]}
Rc7 {[%clk 00:12:59]} {[%emt 00:01:17]} 36. Rxf5 {[%clk 00:08:05]} {[%emt
00:01:31]} Kg6 {[%clk 00:12:58]} {[%emt 00:00:31]} 37. Rxd5 {[%clk 00:07:48]}
{[%emt 00:00:48]} Rc3+ {[%clk 00:13:09]} {[%emt 00:00:19]} 38. Kh2 {[%clk
00:07:44]} {[%emt 00:00:34]} Rc2 {[%clk 00:12:39]} {[%emt 00:01:00]} 39. Rc5
{[%clk 00:06:07]} {[%emt 00:02:07]} Rd2 {[%clk 00:12:37]} {[%emt 00:00:32]} 40.
d5 {[%clk 00:05:41]} {[%emt 00:00:55]} b6 {[%clk 00:12:29]} {[%emt 00:00:38]}
41. Rc8 {[%clk 00:04:26]} {[%emt 00:01:45]} Rxd5 {[%clk 00:08:34]} {[%emt
00:04:26]} 42. Rb8 {[%clk 00:04:45]} {[%emt 00:00:10]} Rd6 {[%clk 00:07:20]}
{[%emt 00:01:44]} 43. Ra1 {[%clk 00:04:57]} {[%emt 00:00:18]} Kf5 {[%clk
00:03:25]} {[%emt 00:04:25]} 44. a4 {[%clk 00:04:14]} {[%emt 00:01:13]} Bd3
{[%clk 00:02:55]} {[%emt 00:01:00]} 45. Rd1 {[%clk 00:03:30]} {[%emt 00:01:15]}
Rh6+ {[%clk 00:25:38]} {[%emt 00:07:48]} 46. Kg3 {[%clk 00:32:38]} {[%emt
00:01:22]} Bc4 {[%clk 00:23:06]} {[%emt 00:03:01]} 47. Rd4 {[%clk 00:28:28]}
{[%emt 00:04:40]} Rc6 {[%clk 00:22:11]} {[%emt 00:01:26]} 48. Rf8+ {[%clk
00:23:47]} {[%emt 00:05:10]} Kg6 {[%clk 00:21:18]} {[%emt 00:01:23]} 49. Rfd8
{[%clk 00:24:01]} {[%emt 00:00:15]} b5 {[%clk 00:20:10]} {[%emt 00:01:39]} 50.
R8d6+ {[%clk 00:24:13]} {[%emt 00:00:18]} Rxd6 {[%clk 00:19:41]} {[%emt
00:01:00]} 51. Rxd6+ {[%clk 00:24:38]} {[%emt 00:00:04]} Kf5 {[%clk 00:20:02]}
{[%emt 00:00:08]} 52. a5 {[%clk 00:25:05]} {[%emt 00:00:04]} Ke4 {[%clk
00:20:14]} {[%emt 00:00:18]} 53. Rxa6 {[%clk 00:25:28]} {[%emt 00:00:07]} Kd3
{[%clk 00:20:43]} {[%emt 00:00:02]} 54. Rd6+ {[%clk 00:25:41]} {[%emt
00:00:17]} Kc3 {[%clk 00:20:57]} {[%emt 00:00:16]} 55. a6 {[%clk 00:26:06]}
{[%emt 00:00:05]} Bd3 {[%clk 00:21:20]} {[%emt 00:00:07]} 56. Rxd3+ {[%clk
00:26:14]} {[%emt 00:00:22]} Kxd3 {[%clk 00:21:45]} {[%emt 00:00:05]} 57. a7
{[%clk 00:26:40]} {[%emt 00:00:04]} Kc4 {[%clk 00:22:11]} {[%emt 00:00:03]} 58.
a8=Q {[%clk 00:27:04]} {[%emt 00:00:06]} Kxb4 {[%clk 00:22:32]} {[%emt
00:00:09]} 59. Qd5 {[%clk 00:27:26]} {[%emt 00:00:07]} Ka4 {[%clk 00:22:54]}
{[%emt 00:00:09]} 60. Qxg5 {[%clk 00:27:48]} {[%emt 00:00:06]} b4 {[%clk
00:23:14]} {[%emt 00:00:11]} 1-0

[Event "DVM U14 2023"]
[Site "Magdeburg GER"]
[Date "2023.12.28"]
[Round "4"]
[White "Allen, Phillipp"]
[Black "Lavrov, Nikolay"]
[Result "1/2-1/2"]
[Termination "normal"]
[Board "4.3"]
[WhiteElo "1628"]
[BlackElo "1607"]
[WhiteClock "00:17:18"]
[BlackClock "00:04:54"]
[WhiteTeam "SV Erkenschwick 1923"]
[BlackTeam "Schachzentrum Bemerode"]
[PlyCount "57"]
[WhiteFideId "16272846"]
[BlackFideId "34617701"]
[EventCountry "GER"]
[EventRounds "7"]
[EventType "team-swiss"]
[EventDate "2023.12.26"]

1. d4 {[%clk 01:30:58]} {[%emt 00:00:01]} Nf6 {[%clk 01:30:53]} {[%emt
00:00:07]} 2. c4 {[%clk 01:31:16]} {[%emt 00:00:11]} e6 {[%clk 01:31:15]}
{[%emt 00:00:09]} 3. Nf3 {[%clk 01:31:39]} {[%emt 00:00:07]} b6 {[%clk
01:31:34]} {[%emt 00:00:10]} 4. g3 {[%clk 01:31:45]} {[%emt 00:00:24]} Ba6
{[%clk 01:31:41]} {[%emt 00:00:23]} 5. Qc2 {[%clk 01:26:09]} {[%emt 00:06:05]}
Be7 {[%clk 01:28:19]} {[%emt 00:03:53]} 6. Bg2 {[%clk 01:25:05]} {[%emt
00:01:34]} c6 {[%clk 01:26:25]} {[%emt 00:02:24]} 7. O-O {[%clk 01:23:30]}
{[%emt 00:02:04]} O-O {[%clk 01:25:40]} {[%emt 00:01:16]} 8. b3 {[%clk
01:21:44]} {[%emt 00:02:15]} d5 {[%clk 01:24:10]} {[%emt 00:02:00]} 9. Nbd2
{[%clk 01:21:35]} {[%emt 00:00:39]} c5 {[%clk 01:12:36]} {[%emt 00:12:04]} 10.
Bb2 {[%clk 01:20:29]} {[%emt 00:01:34]} Nc6 {[%clk 01:09:42]} {[%emt 00:03:26]}
11. Rfd1 {[%clk 01:11:00]} {[%emt 00:09:59]} Rc8 {[%clk 01:02:50]} {[%emt
00:07:22]} 12. dxc5 {[%clk 01:08:15]} {[%emt 00:03:15]} bxc5 {[%clk 00:56:46]}
{[%emt 00:06:34]} 13. e3 {[%clk 01:05:02]} {[%emt 00:03:42]} h6 {[%clk
00:41:31]} {[%emt 00:15:46]} 14. Rac1 {[%clk 01:04:37]} {[%emt 00:00:54]} Qb6
{[%clk 00:37:19]} {[%emt 00:04:42]} 15. Ne5 {[%clk 01:00:00]} {[%emt 00:05:07]}
Nb4 {[%clk 00:31:55]} {[%emt 00:05:54]} 16. Qb1 {[%clk 01:00:06]} {[%emt
00:00:24]} Rfd8 {[%clk 00:30:50]} {[%emt 00:01:35]} 17. Bh3 {[%clk 00:46:29]}
{[%emt 00:14:08]} Rc7 {[%clk 00:23:16]} {[%emt 00:08:04]} 18. Kf1 {[%clk
00:38:23]} {[%emt 00:08:35]} Nd7 {[%clk 00:14:36]} {[%emt 00:09:10]} 19. Kg1
{[%clk 00:36:41]} {[%emt 00:02:14]} Nxe5 {[%clk 00:13:57]} {[%emt 00:01:08]}
20. Bxe5 {[%clk 00:37:02]} {[%emt 00:00:08]} Rcd7 {[%clk 00:13:33]} {[%emt
00:00:53]} 21. Bc3 {[%clk 00:21:40]} {[%emt 00:15:54]} dxc4 {[%clk 00:11:02]}
{[%emt 00:03:02]} 22. Bxb4 {[%clk 00:20:35]} {[%emt 00:01:34]} cxb4 {[%clk
00:07:57]} {[%emt 00:03:36]} 23. Nxc4 {[%clk 00:20:00]} {[%emt 00:01:04]} Rxd1+
{[%clk 00:07:25]} {[%emt 00:01:03]} 24. Rxd1 {[%clk 00:20:21]} {[%emt
00:00:09]} Rxd1+ {[%clk 00:07:33]} {[%emt 00:00:22]} 25. Qxd1 {[%clk 00:20:40]}
{[%emt 00:00:11]} Bxc4 {[%clk 00:07:38]} {[%emt 00:00:25]} 26. bxc4 {[%clk
00:21:02]} {[%emt 00:00:08]} Qc5 {[%clk 00:06:36]} {[%emt 00:01:30]} 27. Qd4
{[%clk 00:17:43]} {[%emt 00:03:51]} Qa5 {[%clk 00:05:30]} {[%emt 00:01:35]} 28.
Qd7 {[%clk 00:17:18]} {[%emt 00:00:57]} Bf8 {[%clk 00:04:54]} {[%emt 00:01:05]}
29. Qd2 {[%emt 00:06:31]} 1/2-1/2

[Event "DVM U14 2023"]
[Site "Magdeburg GER"]
[Date "2023.12.28"]
[Round "4"]
[White "Zhang, Yibo"]
[Black "Klein, Levent"]
[Result "1-0"]
[Termination "normal"]
[Board "5.1"]
[WhiteElo "1791"]
[BlackElo "1735"]
[WhiteClock "00:26:37"]
[BlackClock "00:09:35"]
[WhiteTeam "SV Stuttgart-Wolfbusch 1956"]
[BlackTeam "SG Kaiserslautern 1905"]
[PlyCount "130"]
[WhiteFideId "16287657"]
[BlackFideId "34611274"]
[EventCountry "GER"]
[EventRounds "7"]
[EventType "team-swiss"]
[EventDate "2023.12.26"]

1. e4 {[%clk 01:30:49]} {[%emt 00:00:07]} c6 {[%clk 01:30:54]} {[%emt
00:00:09]} 2. d4 {[%clk 01:31:16]} {[%emt 00:00:04]} d5 {[%clk 01:31:18]}
{[%emt 00:00:06]} 3. exd5 {[%clk 01:31:38]} {[%emt 00:00:08]} cxd5 {[%clk
01:31:42]} {[%emt 00:00:06]} 4. Bd3 {[%clk 01:32:05]} {[%emt 00:00:03]} Nc6
{[%clk 01:32:00]} {[%emt 00:00:12]} 5. c3 {[%clk 01:32:29]} {[%emt 00:00:05]}
Nf6 {[%clk 01:32:15]} {[%emt 00:00:15]} 6. h3 {[%clk 01:32:29]} {[%emt
00:00:31]} e6 {[%clk 01:30:06]} {[%emt 00:02:39]} 7. Bf4 {[%clk 01:32:50]}
{[%emt 00:00:09]} Bd6 {[%clk 01:30:30]} {[%emt 00:00:06]} 8. Bxd6 {[%clk
01:33:16]} {[%emt 00:00:04]} Qxd6 {[%clk 01:30:57]} {[%emt 00:00:03]} 9. Nf3
{[%clk 01:33:34]} {[%emt 00:00:12]} O-O {[%clk 01:31:06]} {[%emt 00:00:14]} 10.
O-O {[%clk 01:34:02]} {[%emt 00:00:09]} b6 {[%clk 01:30:20]} {[%emt 00:01:17]}
11. Re1 {[%clk 01:32:18]} {[%emt 00:02:13]} Bb7 {[%clk 01:29:28]} {[%emt
00:01:21]} 12. Ne5 {[%clk 01:32:00]} {[%emt 00:00:51]} Nd7 {[%clk 01:19:33]}
{[%emt 00:10:25]} 13. f4 {[%clk 01:30:12]} {[%emt 00:02:18]} Rae8 {[%clk
01:08:10]} {[%emt 00:11:53]} 14. Nd2 {[%clk 01:22:57]} {[%emt 00:07:45]} Ndxe5
{[%clk 01:01:22]} {[%emt 00:07:17]} 15. fxe5 {[%clk 01:22:47]} {[%emt
00:00:39]} Qe7 {[%clk 01:00:15]} {[%emt 00:01:36]} 16. Qh5 {[%clk 01:18:34]}
{[%emt 00:04:44]} g6 {[%clk 00:58:24]} {[%emt 00:02:22]} 17. Qh6 {[%clk
01:17:08]} {[%emt 00:01:57]} f6 {[%emt 00:08:38]} 18. exf6 {[%clk 01:12:30]}
{[%emt 00:04:20]} Qxf6 {[%clk 00:50:05]} {[%emt 00:01:28]} 19. Nf3 {[%clk
01:09:46]} {[%emt 00:03:14]} e5 {[%clk 00:41:40]} {[%emt 00:08:54]} 20. dxe5
{[%clk 01:06:08]} {[%emt 00:04:09]} Nxe5 {[%clk 00:42:01]} {[%emt 00:00:09]}
21. Nxe5 {[%clk 01:04:07]} {[%emt 00:02:31]} Rxe5 {[%clk 00:42:10]} {[%emt
00:00:21]} 22. Rf1 {[%clk 01:04:17]} {[%emt 00:00:21]} Qg7 {[%clk 00:42:10]}
{[%emt 00:00:30]} 23. Qxg7+ {[%clk 01:04:15]} {[%emt 00:00:32]} Kxg7 {[%clk
00:42:35]} {[%emt 00:00:04]} 24. Rxf8 {[%clk 01:03:56]} {[%emt 00:00:49]} Kxf8
{[%clk 00:42:56]} {[%emt 00:00:09]} 25. Kf2 {[%clk 01:03:55]} {[%emt 00:00:31]}
Kg7 {[%clk 00:42:35]} {[%emt 00:00:51]} 26. a4 {[%clk 01:02:38]} {[%emt
00:01:47]} a6 {[%clk 00:40:04]} {[%emt 00:03:00]} 27. h4 {[%clk 00:59:26]}
{[%emt 00:03:43]} Re7 {[%clk 00:37:06]} {[%emt 00:03:28]} 28. a5 {[%clk
00:56:29]} {[%emt 00:03:28]} b5 {[%clk 00:37:07]} {[%emt 00:00:28]} 29. g3
{[%clk 00:53:00]} {[%emt 00:04:00]} Re8 {[%clk 00:36:25]} {[%emt 00:01:11]} 30.
Bf1 {[%clk 00:52:31]} {[%emt 00:01:00]} Kf6 {[%clk 00:34:23]} {[%emt 00:02:31]}
31. Bg2 {[%clk 00:52:51]} {[%emt 00:00:10]} Re7 {[%clk 00:19:21]} {[%emt
00:15:30]} 32. Rd1 {[%clk 00:50:10]} {[%emt 00:03:12]} Ke6 {[%clk 00:16:39]}
{[%emt 00:03:06]} 33. Rd4 {[%clk 00:39:58]} {[%emt 00:10:49]} Kd6 {[%clk
00:13:42]} {[%emt 00:03:24]} 34. Bf3 {[%clk 00:33:02]} {[%emt 00:07:29]} Rf7
{[%clk 00:11:48]} {[%emt 00:02:22]} 35. Ke3 {[%clk 00:30:25]} {[%emt 00:03:09]}
Kc5 {[%clk 00:10:53]} {[%emt 00:01:22]} 36. b4+ {[%clk 00:24:17]} {[%emt
00:06:41]} Kd6 {[%clk 00:10:24]} {[%emt 00:00:58]} 37. Rf4 {[%clk 00:23:47]}
{[%emt 00:01:01]} Re7+ {[%clk 00:04:33]} {[%emt 00:06:21]} 38. Kd4 {[%clk
00:23:41]} {[%emt 00:00:36]} Rc7 {[%clk 00:02:05]} {[%emt 00:02:54]} 39. Rf6+
{[%clk 00:19:55]} {[%emt 00:04:21]} Ke7 {[%clk 00:02:20]} {[%emt 00:00:13]} 40.
Rb6 {[%clk 00:20:22]} {[%emt 00:00:04]} Rd7 {[%clk 00:01:56]} {[%emt 00:00:52]}
41. Ke5 {[%clk 00:18:49]} {[%emt 00:02:06]} Ke8 {[%clk 00:17:43]} {[%emt
00:14:41]} 42. Re6+ {[%clk 00:35:57]} {[%emt 00:13:24]} Kf7 {[%clk 00:17:04]}
{[%emt 00:01:04]} 43. Rd6 {[%clk 00:36:17]} {[%emt 00:00:14]} Rc7 {[%clk
00:10:24]} {[%emt 00:07:09]} 44. Bxd5+ {[%clk 00:36:18]} {[%emt 00:00:31]} Bxd5
{[%clk 00:10:24]} {[%emt 00:00:29]} 45. Kxd5 {[%clk 00:36:33]} {[%emt
00:00:16]} Rxc3 {[%clk 00:09:56]} {[%emt 00:00:57]} 46. Rxa6 {[%clk 00:36:47]}
{[%emt 00:00:16]} Rc4 {[%clk 00:09:56]} {[%emt 00:00:29]} 47. Rb6 {[%clk
00:35:29]} {[%emt 00:01:50]} Rxb4 {[%clk 00:10:15]} {[%emt 00:00:10]} 48. a6
{[%clk 00:34:36]} {[%emt 00:01:22]} Rb3 {[%clk 00:09:41]} {[%emt 00:01:04]} 49.
Rb7+ {[%clk 00:32:08]} {[%emt 00:02:58]} Kf6 {[%clk 00:10:02]} {[%emt
00:00:09]} 50. a7 {[%clk 00:32:08]} {[%emt 00:00:30]} Ra3 {[%clk 00:10:22]}
{[%emt 00:00:10]} 51. Kc5 {[%clk 00:27:53]} {[%emt 00:04:45]} h5 {[%clk
00:08:29]} {[%emt 00:02:23]} 52. Kxb5 {[%clk 00:23:35]} {[%emt 00:04:47]} Kf5
{[%clk 00:08:37]} {[%emt 00:00:22]} 53. Kb4 {[%clk 00:23:58]} {[%emt 00:00:07]}
Ra1 {[%clk 00:08:37]} {[%emt 00:00:30]} 54. Rb5+ {[%clk 00:24:11]} {[%emt
00:00:17]} Kg4 {[%emt 00:00:48]} 55. Ra5 {[%clk 00:24:31]} {[%emt 00:00:02]}
Rb1+ {[%clk 00:08:10]} {[%emt 00:00:47]} 56. Ka4 {[%clk 00:24:50]} {[%emt
00:00:11]} Ra1+ {[%clk 00:07:11]} {[%emt 00:01:29]} 57. Kb5 {[%clk 00:25:10]}
{[%emt 00:00:10]} Rxa5+ {[%clk 00:07:29]} {[%emt 00:00:13]} 58. Kxa5 {[%clk
00:25:35]} {[%emt 00:00:05]} Kxg3 {[%clk 00:07:54]} {[%emt 00:00:04]} 59. a8=Q
{[%clk 00:25:51]} {[%emt 00:00:14]} Kxh4 {[%clk 00:08:19]} {[%emt 00:00:05]}
60. Qe4+ {[%clk 00:25:35]} {[%emt 00:00:46]} Kg5 {[%clk 00:08:15]} {[%emt
00:00:34]} 61. Kb5 {[%clk 00:25:48]} {[%emt 00:00:17]} h4 {[%clk 00:08:40]}
{[%emt 00:00:05]} 62. Kc4 {[%clk 00:25:59]} {[%emt 00:00:19]} Kh5 {[%clk
00:08:53]} {[%emt 00:00:17]} 63. Kd4 {[%clk 00:26:16]} {[%emt 00:00:13]} g5
{[%clk 00:09:20]} {[%emt 00:00:03]} 64. Ke5 {[%clk 00:26:26]} {[%emt 00:00:20]}
h3 {[%clk 00:09:37]} {[%emt 00:00:14]} 65. Kf5 {[%clk 00:26:37]} {[%emt
00:00:18]} h2 {[%clk 00:09:35]} {[%emt 00:00:32]} 1-0

[Event "DVM U14 2023"]
[Site "Magdeburg GER"]
[Date "2023.12.28"]
[Round "4"]
[White "Steinbrenner, Peter"]
[Black "Marinin, Georgii"]
[Result "1-0"]
[Termination "normal"]
[Board "5.2"]
[WhiteElo "1698"]
[BlackElo "1489"]
[WhiteClock "00:17:03"]
[BlackClock "00:35:26"]
[WhiteTeam "SG Kaiserslautern 1905"]
[BlackTeam "SV Stuttgart-Wolfbusch 1956"]
[PlyCount "105"]
[WhiteFideId "34645535"]
[BlackFideId "34617140"]
[EventCountry "GER"]
[EventRounds "7"]
[EventType "team-swiss"]
[EventDate "2023.12.26"]

1. e4 {[%clk 01:30:56]} {[%emt 00:00:02]} c6 {[%clk 01:30:56]} {[%emt
00:00:05]} 2. Nc3 {[%clk 01:31:19]} {[%emt 00:00:07]} d5 {[%clk 01:31:21]}
{[%emt 00:00:06]} 3. Nf3 {[%clk 01:31:45]} {[%emt 00:00:04]} Bg4 {[%clk
01:31:37]} {[%emt 00:00:13]} 4. exd5 {[%clk 01:32:10]} {[%emt 00:00:05]} cxd5
{[%clk 01:31:49]} {[%emt 00:00:18]} 5. d4 {[%clk 01:32:29]} {[%emt 00:00:11]}
Nc6 {[%clk 01:32:11]} {[%emt 00:00:09]} 6. Be2 {[%clk 01:32:52]} {[%emt
00:00:07]} Nf6 {[%clk 01:32:35]} {[%emt 00:00:06]} 7. O-O {[%clk 01:32:38]}
{[%emt 00:00:44]} e6 {[%clk 01:33:00]} {[%emt 00:00:05]} 8. Bf4 {[%clk
01:32:17]} {[%emt 00:00:50]} Bd6 {[%clk 01:33:08]} {[%emt 00:00:23]} 9. Bxd6
{[%clk 01:31:29]} {[%emt 00:01:18]} Qxd6 {[%clk 01:33:32]} {[%emt 00:00:06]}
10. h3 {[%clk 01:27:36]} {[%emt 00:04:23]} Bf5 {[%clk 01:33:19]} {[%emt
00:00:44]} 11. Nb5 {[%clk 01:24:53]} {[%emt 00:03:13]} Qd7 {[%clk 01:32:35]}
{[%emt 00:01:14]} 12. Ne5 {[%clk 01:24:38]} {[%emt 00:00:45]} Qe7 {[%clk
01:26:26]} {[%emt 00:06:39]} 13. c3 {[%clk 01:15:17]} {[%emt 00:09:52]} O-O
{[%clk 01:26:34]} {[%emt 00:00:21]} 14. Re1 {[%clk 01:07:10]} {[%emt 00:08:34]}
a6 {[%clk 01:26:36]} {[%emt 00:00:31]} 15. Na3 {[%clk 01:05:38]} {[%emt
00:02:01]} Rac8 {[%clk 01:23:11]} {[%emt 00:03:56]} 16. Bg4 {[%clk 00:51:52]}
{[%emt 00:14:16]} Nxg4 {[%clk 01:20:35]} {[%emt 00:03:06]} 17. Nxg4 {[%clk
00:52:10]} {[%emt 00:00:13]} b5 {[%clk 01:20:21]} {[%emt 00:00:43]} 18. Ne3
{[%clk 00:51:50]} {[%emt 00:00:43]} Qf6 {[%clk 01:19:35]} {[%emt 00:01:22]} 19.
Nxf5 {[%clk 00:50:35]} {[%emt 00:01:46]} Qxf5 {[%clk 01:19:55]} {[%emt
00:00:11]} 20. Nc2 {[%clk 00:50:51]} {[%emt 00:00:13]} Na5 {[%clk 01:19:50]}
{[%emt 00:00:36]} 21. Ne3 {[%clk 00:50:46]} {[%emt 00:00:35]} Qg6 {[%clk
01:20:07]} {[%emt 00:00:11]} 22. Qe2 {[%clk 00:43:24]} {[%emt 00:07:53]} Nc4
{[%clk 01:20:15]} {[%emt 00:00:22]} 23. Ng4 {[%clk 00:41:31]} {[%emt 00:02:19]}
Rfe8 {[%clk 01:19:27]} {[%emt 00:01:22]} 24. Ne5 {[%clk 00:41:40]} {[%emt
00:00:20]} Nxe5 {[%clk 01:19:22]} {[%emt 00:00:36]} 25. Qxe5 {[%clk 00:41:45]}
{[%emt 00:00:23]} f6 {[%clk 01:18:08]} {[%emt 00:01:45]} 26. Qd6 {[%clk
00:41:35]} {[%emt 00:00:37]} Qf7 {[%clk 01:16:28]} {[%emt 00:02:13]} 27. Qxa6
{[%clk 00:41:09]} {[%emt 00:00:56]} Rb8 {[%clk 01:16:37]} {[%emt 00:00:20]} 28.
Qd6 {[%clk 00:40:11]} {[%emt 00:01:25]} Rbd8 {[%clk 01:15:43]} {[%emt
00:01:28]} 29. Qc5 {[%clk 00:37:18]} {[%emt 00:03:21]} Qd7 {[%clk 01:15:11]}
{[%emt 00:01:04]} 30. Re3 {[%clk 00:25:12]} {[%emt 00:12:34]} Re7 {[%clk
01:15:00]} {[%emt 00:00:43]} 31. Rae1 {[%clk 00:24:01]} {[%emt 00:01:41]} Ra8
{[%clk 01:13:37]} {[%emt 00:01:53]} 32. a3 {[%clk 00:24:05]} {[%emt 00:00:27]}
Rae8 {[%clk 01:14:01]} {[%emt 00:00:05]} 33. f4 {[%clk 00:18:45]} {[%emt
00:05:50]} f5 {[%clk 01:10:14]} {[%emt 00:04:18]} 34. Qb4 {[%clk 00:14:45]}
{[%emt 00:04:28]} Kf7 {[%clk 01:09:49]} {[%emt 00:00:55]} 35. Re5 {[%clk
00:13:33]} {[%emt 00:01:40]} h6 {[%clk 01:08:39]} {[%emt 00:01:42]} 36. Rf1
{[%clk 00:12:15]} {[%emt 00:01:48]} Rg8 {[%clk 01:07:21]} {[%emt 00:01:49]} 37.
Qb3 {[%clk 00:08:56]} {[%emt 00:03:49]} g5 {[%clk 01:07:08]} {[%emt 00:00:42]}
38. fxg5 {[%clk 00:08:41]} {[%emt 00:00:45]} Rxg5 {[%clk 01:07:23]} {[%emt
00:00:16]} 39. Qc2 {[%clk 00:08:09]} {[%emt 00:01:03]} Kf6 {[%clk 01:06:06]}
{[%emt 00:01:47]} 40. Rf2 {[%clk 00:03:32]} {[%emt 00:05:06]} Qe8 {[%clk
01:04:33]} {[%emt 00:02:04]} 41. Kh2 {[%clk 00:01:11]} {[%emt 00:02:46]} h5
{[%clk 01:04:33]} {[%emt 00:00:35]} 42. Qe2 {[%clk 00:00:46]} {[%emt 00:00:55]}
Qd7 {[%clk 01:01:54]} {[%emt 00:03:08]} 43. Qe3 {[%clk 00:24:34]} {[%emt
00:06:38]} Reg7 {[%clk 01:22:16]} {[%emt 00:10:13]} 44. Re2 {[%clk 00:24:25]}
{[%emt 00:00:39]} Re7 {[%clk 01:22:40]} {[%emt 00:00:07]} 45. Qf4 {[%clk
00:23:54]} {[%emt 00:01:00]} Qe8 {[%clk 01:07:40]} {[%emt 00:15:31]} 46. R5e3
{[%clk 00:22:11]} {[%emt 00:02:05]} Qd7 {[%clk 01:02:34]} {[%emt 00:05:43]} 47.
Qe5+ {[%clk 00:22:07]} {[%emt 00:00:33]} Kf7 {[%clk 00:56:23]} {[%emt
00:06:42]} 48. Rg3 {[%clk 00:18:30]} {[%emt 00:04:05]} Rxg3 {[%clk 00:53:10]}
{[%emt 00:03:46]} 49. Qxg3 {[%clk 00:18:48]} {[%emt 00:00:12]} Qc7 {[%clk
00:51:03]} {[%emt 00:02:37]} 50. Re5 {[%clk 00:18:58]} {[%emt 00:00:20]} Kf6
{[%clk 00:49:46]} {[%emt 00:01:47]} 51. Qh4+ {[%clk 00:17:00]} {[%emt
00:02:27]} Kg6 {[%clk 00:50:01]} {[%emt 00:00:16]} 52. Kg1 {[%clk 00:17:09]}
{[%emt 00:00:19]} Qd8 {[%clk 00:35:26]} {[%emt 00:15:07]} 53. Rxe6+ {[%clk
00:17:03]} {[%emt 00:00:37]} 1-0